[Event "Nova Gorica op 28th"]
[Site "Nova Gorica"]
[Date "2024.01.28"]
[Round "4"]
[White "Beliavsky, Alexander G"]
[Black "Berkes, Ferenc"]
[Result "1/2-1/2"]
[WhiteElo "2475"]
[BlackElo "2613"]
[PlyCount "39"]
[EventDate "2024.01.26"]
[EventType "swiss"]
[EventRounds "9"]
[EventCountry "SLO"]
[SourceTitle "CB06_2024"]
[SourceDate "2024.02.07"]
[SourceVersion "1"]
[SourceVersionDate "2024.02.07"]
[SourceQuality "1"]

1. d4 Nf6 2. c4 e6 3. Nf3 Bb4+ 4. Bd2 Bxd2+ 5. Qxd2 0-0 6. Nc3 d5 7. e3 Qe7 8. Rc1 Rd8 9. cxd5 exd5 10. Be2 Bf5 11. 0-0 Nc6 12. Qd1 a6 13. Na4 Rd6 14. Nc5 Rb8 15. Qa4 Ne4 16. Qa3 Qd8 17. Rfe1 Ne7 18. Nxe4 Bxe4 19. Nd2 Bg6 20. Qa5 1/2-1/2

[Event "Morshyn Saint Charbel Cup"]
[Site "Morshyn"]
[Date "2023.09.05"]
[Round "1"]
[White "Beliavsky, Alexander G"]
[Black "Borsuk, Konstantin"]
[Result "1-0"]
[WhiteElo "2486"]
[BlackElo "2436"]
[PlyCount "143"]
[EventDate "2023.09.05"]
[EventType "tourn"]
[EventRounds "9"]
[EventCountry "UKR"]
[EventCategory "6"]
[SourceTitle "EXT 2024"]
[Source "ChessBase"]
[SourceDate "2023.10.10"]
[SourceVersion "1"]
[SourceVersionDate "2023.10.10"]
[SourceQuality "1"]

1. d4 Nf6 2. c4 e6 3. g3 Bb4+ 4. Bd2 c5 5. Bxb4 cxb4 6. Bg2 0-0 7. Nf3 a5 8. Nbd2 d6 9. 0-0 Qc7 10. a3 Na6 11. e3 Bd7 12. Rc1 Bc6 13. d5 Bd7 14. dxe6 fxe6 15. Ng5 Rad8 16. Nde4 Bc8 17. Qc2 b6 18. Rfd1 Qe7 19. h4 Kh8 20. Rd2 e5 21. Qd1 Bg4 22. f3 Nxe4 23. Nxe4 Be6 24. axb4 axb4 25. f4 exf4 26. exf4 Nc5 27. Kh2 Nxe4 28. Bxe4 Bg4 29. Bf3 Bxf3 30. Qxf3 Rfe8 31. Rcd1 h6 32. b3 Qf6 33. Qf2 Re6 34. Qd4 Qf5 35. Qd3 Qg4 36. f5 Re5 37. Rf1 Rf8 38. Qxd6 Rfxf5 39. Qd8+ Kh7 40. Qd3 Qg6 41. Rxf5 Rxf5 42. Kh3 h5 43. Qe4 b5 44. Rd6 Qxd6 45. Qxf5+ g6 46. Qf7+ Kh8 47. cxb5 Qd1 48. Qe8+ Kh7 49. Qe7+ Kg8 50. Qe4 Qf1+ 51. Kh2 Qf2+ 52. Qg2 Qc5 53. Qe2 Kg7 54. Qd3 Qf2+ 55. Kh3 Qg1 56. Qf3 Qc5 57. Qc6 Qc3 58. Qd7+ Kh6 59. Qd8 Qa1 60. Qd2+ Kh7 61. Kh2 Qa7 62. Qe2 Qc5 63. Qd3 Kg7 64. Kg2 Kf6 65. Kf3 Kg7 66. Qd7+ Kh6 67. Qc6 Qf5+ 68. Kg2 Qe5 69. b6 Qe2+ 70. Kh3 Qg4+ 71. Kh2 Qe2+ 72. Qg2 1-0

[Event "Nova Gorica op 27th"]
[Site "Nova Gorica"]
[Date "2023.03.19"]
[Round "5"]
[White "Beliavsky, Alexander G"]
[Black "Zamar Kodelja, Jurij"]
[Result "1/2-1/2"]
[WhiteElo "2499"]
[BlackElo "2254"]
[PlyCount "69"]
[EventDate "2023.03.16"]
[EventType "swiss"]
[EventRounds "9"]
[EventCountry "SLO"]
[SourceTitle "CBM 213 Extra"]
[Source "ChessBase"]
[SourceDate "2023.05.31"]
[SourceVersion "1"]
[SourceVersionDate "2023.05.31"]
[SourceQuality "1"]

1. d4 Nf6 2. Nf3 c5 3. d5 b5 4. Bg5 Qb6 5. a4 b4 6. e3 d6 7. Bxf6 exf6 8. Bb5+ Nd7 9. Nbd2 Be7 10. Nc4 Qc7 11. c3 bxc3 12. bxc3 0-0 13. 0-0 f5 14. Qd3 Nf6 15. Bc6 Rb8 16. Na3 Ne4 17. Rab1 Rxb1 18. Rxb1 Qa5 19. Rb3 Bf6 20. Nd2 Nxd2 21. Qxd2 Ba6 22. h3 g6 23. Qc2 Be5 24. g3 Rd8 25. Kg2 h5 26. h4 Kg7 27. Nb1 Bc4 28. Rb2 Ba6 29. Bb7 Bxb7 30. Rxb7 c4 31. Rb5 Qc7 32. Nd2 a6 33. Rb4 Qa5 34. e4 fxe4 35. Nxc4 1/2-1/2

[Event "EU-ch Rapid"]
[Site "Katowice"]
[Date "2022.12.17"]
[Round "1"]
[White "Beliavsky, Alexander G"]
[Black "Przybylski, Jan"]
[Result "1-0"]
[WhiteElo "2499"]
[BlackElo "1677"]
[PlyCount "105"]
[EventDate "2022.12.17"]
[EventType "swiss (rapid)"]
[EventRounds "11"]
[EventCountry "POL"]
[SourceTitle "CBM 211 Extra"]
[Source "ChessBase"]
[SourceDate "2023.01.31"]
[SourceVersion "1"]
[SourceVersionDate "2023.01.31"]
[SourceQuality "1"]

1. d4 d5 2. c4 e6 3. Nf3 Nf6 4. Nc3 Be7 5. Bg5 h6 6. Bh4 c6 7. e3 Nbd7 8. a3 b6 9. cxd5 Nxd5 10. Bxe7 Qxe7 11. Nxd5 exd5 12. Bd3 Nf6 13. Ne5 Bb7 14. b4 0-0 15. 0-0 c5 16. bxc5 bxc5 17. Qa4 c4 18. Bc2 Qd6 19. Rab1 Qa6 20. Rb4 Qxa4 21. Bxa4 Ba6 22. Rfb1 Rac8 23. f3 Rc7 24. Kf2 Rfc8 25. Bc2 Rd8 26. Ra4 Bc8 27. Rb8 g6 28. Ra8 Kg7 29. R4xa7 Rxa7 30. Rxa7 Bd7 31. Ke2 g5 32. Kd2 Be8 33. Kc3 Rb8 34. a4 Kf8 35. a5 Ng8 36. Rxf7+ Bxf7 37. Nd7+ Ke7 38. Nxb8 Kd6 39. Na6 Ne7 40. Nb4 Nc6 41. Nxc6 Kxc6 42. Kb4 Be6 43. e4 g4 44. fxg4 Bxg4 45. Ba4+ Kd6 46. a6 Bc8 47. a7 Bb7 48. e5+ Ke6 49. Kc5 Ba8 50. Kb6 c3 51. g4 Ke7 52. Kc7 Ke6 53. Bc2 1-0

[Event "Budapest Kallai Memorial Blitz"]
[Site "Budapest"]
[Date "2022.12.01"]
[Round "2"]
[White "Borhy, Marcell Boldizsar"]
[Black "Beliavsky, Alexander G"]
[Result "1/2-1/2"]
[WhiteElo "2410"]
[BlackElo "2499"]
[PlyCount "105"]
[EventDate "2022.12.01"]
[EventType "tourn (blitz)"]
[EventRounds "9"]
[EventCountry "HUN"]
[EventCategory "11"]
[SourceTitle "CBM 211 Extra"]
[Source "ChessBase"]
[SourceDate "2023.01.31"]
[SourceVersion "1"]
[SourceVersionDate "2023.01.31"]
[SourceQuality "1"]

1. Nf3 Nf6 2. c4 e6 3. Nc3 d5 4. d4 c5 5. cxd5 cxd4 6. Qxd4 exd5 7. e4 dxe4 8. Qxd8+ Kxd8 9. Ng5 Be6 10. Nxe6+ fxe6 11. Bc4 Bb4 12. Bxe6 Nc6 13. 0-0 Ke7 14. Bb3 Rad8 15. Bg5 Bxc3 16. bxc3 Rhe8 17. f3 h6 18. Bxf6+ gxf6 19. Rae1 Rd3 20. Rxe4+ Kf8 21. Rf4 Rd6 22. Rg4 Ne7 23. Re1 Red8 24. Rh4 f5 25. Rb4 b6 26. Rb5 Rg6 27. Rbe5 Rd2 28. R5e2 Rxe2 29. Rxe2 Rd6 30. Kf2 Ng6 31. g3 Rc6 32. h4 Rxc3 33. h5 Ne7 34. Re6 Rc6 35. Ke3 Rxe6+ 36. Bxe6 Kg7 37. g4 fxg4 38. fxg4 Kf6 39. Bd7 Kg5 40. Ke4 Ng8 41. Kf3 Nf6 42. Be6 Ne8 43. Ke4 Nf6+ 44. Kf3 b5 45. Bc8 a5 46. a3 b4 47. axb4 axb4 48. Be6 Ne8 49. Ke4 Nf6+ 50. Kf3 b3 51. Bxb3 Nxg4 52. Be6 Nf6 53. Bf7 1/2-1/2

[Event "Budapest Kallai Memorial Rapid"]
[Site "Budapest"]
[Date "2022.11.29"]
[Round "5"]
[White "Gaal, Zsoka"]
[Black "Beliavsky, Alexander G"]
[Result "0-1"]
[WhiteElo "2278"]
[BlackElo "2499"]
[PlyCount "178"]
[EventDate "2022.11.28"]
[EventType "tourn (rapid)"]
[EventRounds "9"]
[EventCountry "HUN"]
[EventCategory "11"]
[SourceTitle "CBM 211 Extra"]
[Source "ChessBase"]
[SourceDate "2023.01.31"]
[SourceVersion "1"]
[SourceVersionDate "2023.01.31"]
[SourceQuality "1"]

1. Nf3 d5 2. g3 c6 3. Bg2 Bg4 4. 0-0 Nd7 5. h3 Bh5 6. c4 Bxf3 7. Bxf3 Ne5 8. Qb3 Nxf3+ 9. Qxf3 e6 10. d3 Nf6 11. Nc3 Be7 12. cxd5 cxd5 13. e4 d4 14. Ne2 e5 15. Qf5 Nd7 16. f4 0-0 17. fxe5 g6 18. Qf4 Rc8 19. Bd2 Qb6 20. Rac1 Rxc1 21. Bxc1 Qa6 22. Rd1 Qxa2 23. Qf1 Nxe5 24. Nf4 f5 25. Nd5 Bd6 26. Bh6 Rf7 27. Rc1 Nc6 28. Qe2 Bf8 29. Bg5 h6 30. Nf6+ Kg7 31. Ne8+ Kh8 32. Bf6+ Kh7 33. exf5 gxf5 34. Rc4 Qb1+ 35. Kg2 Bg7 36. Bxg7 Re7 37. Nf6+ Kxg7 38. Nh5+ Kf7 39. Qf1 Qxf1+ 40. Kxf1 Re3 41. Nf4 Rxg3 42. Kf2 Rg8 43. Rc5 Kf6 44. Nd5+ Kg5 45. b4 a6 46. b5 Ne5 47. Nb4 a5 48. Rxe5 axb4 49. Rd5 Rc8 50. Rxd4 b3 51. Rb4 Rc2+ 52. Kf3 b2 53. d4 Kf6 54. b6 Ke6 55. Rb5 Kd6 56. Kf4 Kc6 57. Rb4 Rf2+ 58. Ke5 f4 59. d5+ Kd7 60. h4 f3 61. Kf4 Kd6 62. Rb5 h5 63. Ke3 Rh2 64. Kxf3 Rh3+ 65. Kf4 Rxh4+ 66. Kg3 Rd4 67. Rxb2 Rxd5 68. Kf4 Kc6 69. Ke4 Rb5 70. Rc2+ Kxb6 71. Kd4 Rg5 72. Rb2+ Kc6 73. Rf2 Rg4+ 74. Kc3 h4 75. Rf6+ Kc5 76. Rf5+ Kb6 77. Rh5 Ka6 78. Kb3 b5 79. Kc3 Ka5 80. Kb3 Rg3+ 81. Kb2 h3 82. Rh8 Ka4 83. Kc2 Rg2+ 84. Kc3 b4+ 85. Kc4 Rc2+ 86. Kd3 Rc3+ 87. Kd4 Kb3 88. Rh4 Kb2 89. Rh8 b3 0-1

[Event "Budapest Kallai Memorial Rapid"]
[Site "Budapest"]
[Date "2022.11.28"]
[Round "1"]
[White "Berkes, Ferenc"]
[Black "Beliavsky, Alexander G"]
[Result "1/2-1/2"]
[WhiteElo "2645"]
[BlackElo "2499"]
[PlyCount "98"]
[EventDate "2022.11.28"]
[EventType "tourn (rapid)"]
[EventRounds "9"]
[EventCountry "HUN"]
[EventCategory "11"]
[SourceTitle "CBM 211 Extra"]
[Source "ChessBase"]
[SourceDate "2023.01.31"]
[SourceVersion "1"]
[SourceVersionDate "2023.01.31"]
[SourceQuality "1"]

1. d4 Nf6 2. Nf3 d5 3. g3 c5 4. Bg2 cxd4 5. 0-0 Bg4 6. Ne5 Bh5 7. Qxd4 e6 8. Qa4+ Nbd7 9. c4 Bd6 10. Nxd7 Qxd7 11. Qxd7+ Kxd7 12. cxd5 Nxd5 13. e4 Nb4 14. Nc3 Rac8 15. Rb1 Rhd8 16. h3 f6 17. Be3 Bc5 18. e5 Bxe3 19. fxe3 fxe5 20. Bxb7 Rb8 21. Be4 Ke7 22. Bxh7 Rd2 23. Ne4 Re2 24. Nc3 Rxe3 25. Kf2 Rf3+ 26. Kg2 Rxf1 27. Rxf1 Nd5 28. Rf2 g6 29. g4 Rh8 30. gxh5 Rxh7 31. hxg6 Rg7 32. Rf7+ Rxf7 33. Nxd5+ exd5 34. gxf7 Kxf7 35. b4 d4 36. b5 Ke6 37. a4 Kd5 38. a5 Kc4 39. b6 axb6 40. axb6 d3 41. Kf2 Kc3 42. b7 d2 43. b8Q d1Q 44. Qxe5+ Qd4+ 45. Qe3+ Kc4 46. Kf3 Qd1+ 47. Kg3 Qd6+ 48. Kg4 Qd7+ 49. Kf3 Qxh3+ 1/2-1/2

[Event "Nova Gorica op-A 26th"]
[Site "Nova Gorica"]
[Date "2022.09.22"]
[Round "9"]
[White "Beliavsky, Alexander G"]
[Black "Thavandiran, Shiyam"]
[Result "1-0"]
[WhiteElo "2505"]
[BlackElo "2363"]
[PlyCount "67"]
[EventDate "2022.09.16"]
[EventType "swiss"]
[EventRounds "9"]
[EventCountry "SLO"]
[SourceTitle "CBM 210 Extra"]
[Source "ChessBase"]
[SourceDate "2022.11.30"]
[SourceVersion "1"]
[SourceVersionDate "2022.11.30"]
[SourceQuality "1"]

1. d4 Nf6 2. c4 e6 3. Nf3 c5 4. g3 cxd4 5. Nxd4 d5 6. Bg2 e5 7. Nf3 d4 8. 0-0 Nc6 9. e3 Be7 10. exd4 exd4 11. Bf4 0-0 12. Ne5 Qb6 13. Nd2 Be6 14. Qb3 Rac8 15. Rfd1 Nh5 16. Ndf3 Nxf4 17. gxf4 Qc7 18. Nxc6 bxc6 19. Nxd4 Qxf4 20. Qg3 Qxg3 21. hxg3 Bxc4 22. Nxc6 Bf6 23. Rd7 a6 24. a4 Rfe8 25. Rb7 Kf8 26. Rc1 Bd3 27. b4 Re7 28. Rxe7 Bxe7 29. Rc3 Bg6 30. b5 axb5 31. axb5 Bd8 32. Ra3 Bf5 33. Nxd8 Rxd8 34. b6 1-0

[Event "SLO-chT 32nd"]
[Site "Ljubljana"]
[Date "2022.09.04"]
[Round "3.4"]
[White "Beliavsky, Alexander G"]
[Black "Furlan, Miha"]
[Result "1-0"]
[WhiteElo "2505"]
[BlackElo "2345"]
[PlyCount "51"]
[EventDate "2022.09.02"]
[EventType "team-tourn"]
[EventRounds "9"]
[EventCountry "SLO"]
[SourceTitle "EXT 2023"]
[Source "ChessBase"]
[SourceDate "2022.10.05"]
[SourceVersion "1"]
[SourceVersionDate "2022.10.05"]
[SourceQuality "1"]
[WhiteTeam "Ptuj"]
[BlackTeam "Trebnje BMP"]
[WhiteTeamCountry "SLO"]
[BlackTeamCountry "SLO"]

1. Nf3 f5 2. d3 Nc6 3. g3 e5 4. Bg2 Nf6 5. 0-0 Be7 6. c4 0-0 7. Nc3 d6 8. Rb1 a5 9. a3 Qe8 10. b4 axb4 11. axb4 Qh5 12. b5 Nd8 13. c5 Ne6 14. cxd6 Bxd6 15. e3 g5 16. d4 e4 17. Ne5 Qh6 18. f3 Bxe5 19. dxe5 exf3 20. Bxf3 Nd7 21. Nd5 Ra2 22. Rb2 Rxb2 23. Bxb2 Qg7 24. Nf6+ Nxf6 25. exf6 Qh6 26. Bd5 1-0

[Event "EU-ch 22nd"]
[Site "Terme Catez"]
[Date "2022.04.05"]
[Round "10"]
[White "Pasti, Aron"]
[Black "Beliavsky, Alexander G"]
[Result "1/2-1/2"]
[WhiteElo "2398"]
[BlackElo "2518"]
[PlyCount "89"]
[EventDate "2022.03.27"]
[EventType "swiss"]
[EventRounds "11"]
[EventCountry "SLO"]
[SourceTitle "CBM 208"]
[Source "ChessBase"]
[SourceDate "2022.06.30"]
[SourceVersion "1"]
[SourceVersionDate "2022.06.30"]
[SourceQuality "1"]

1. e4 c6 2. d4 d5 3. Nc3 dxe4 4. Nxe4 Bf5 5. Ng3 Bg6 6. h4 h6 7. Nf3 Nf6 8. h5 Bh7 9. Bd3 Bxd3 10. Qxd3 e6 11. Bd2 c5 12. 0-0-0 Nc6 13. Be3 Qa5 14. Qb3 0-0-0 15. Ne5 Qc7 16. Nxc6 Qxc6 17. Qa3 cxd4 18. Qxa7 Bc5 19. Qa8+ Kd7 20. Qa5 Ra8 21. Qc3 Nd5 22. Qb3 dxe3 23. c4 Qb6 24. Ne4 e2 25. Rd3 Rhc8 26. Kd2 Qb4+ 27. Nc3 Qxb3 28. axb3 Bxf2 29. Kxe2 Bc5 30. cxd5 e5 31. Rg3 Bf8 32. Rf1 f6 33. Kd3 Ke8 34. b4 Kf7 35. Rg4 Rc7 36. Kc2 Rac8 37. Kb3 Ke8 38. Rf3 Kd8 39. Re4 Ra8 40. Rxe5 Ra1 41. Re6 Re7 42. Rd6+ Rd7 43. Re6 Re7 44. Rd6+ Rd7 45. Re6 1/2-1/2

[Event "CRO-chT1A 29th"]
[Site "Mali Losinj"]
[Date "2021.10.01"]
[Round "7.1"]
[White "Kozul, Zdenko"]
[Black "Beliavsky, Alexander G"]
[Result "1-0"]
[WhiteElo "2597"]
[BlackElo "2514"]
[PlyCount "93"]
[EventDate "2021.09.25"]
[EventType "team-tourn"]
[EventRounds "9"]
[EventCountry "CRO"]
[SourceTitle "CBM 204 Extra"]
[Source "ChessBase"]
[SourceDate "2021.11.30"]
[SourceVersion "1"]
[SourceVersionDate "2021.11.30"]
[SourceQuality "1"]
[WhiteTeam "Zagreb Zagreb"]
[BlackTeam "Sesvete Agroproteinka"]
[WhiteTeamCountry "CRO"]
[BlackTeamCountry "CRO"]

1. d4 Nf6 2. c4 e6 3. Nf3 d5 4. g3 Be7 5. Bg2 0-0 6. 0-0 dxc4 7. Qc2 a6 8. a4 Bd7 9. Qxc4 Bc6 10. Bg5 Bd5 11. Qc2 Be4 12. Qc1 Nc6 13. Nbd2 Bg6 14. Nb3 Qd5 15. Bxf6 Bxf6 16. Nc5 Nxd4 17. Nxd4 Qxd4 18. Bxb7 Rad8 19. Bxa6 Qb4 20. Ra2 Rd2 21. Nd3 Bxd3 22. Bxd3 c5 23. a5 Ra8 24. a6 g6 25. Qc4 Ra7 26. Rb1 Qxc4 27. Bxc4 Rd4 28. b3 Bd8 29. e3 Rd6 30. Kf1 Bb6 31. Ke2 Kf8 32. Rd1 Rxd1 33. Kxd1 Ke7 34. Rd2 Rd7 35. f4 Rxd2+ 36. Kxd2 Kd6 37. g4 h6 38. h4 Kc6 39. g5 hxg5 40. hxg5 Ba7 41. e4 Bb8 42. e5 Kb6 43. Kd3 Kc6 44. Ke3 Kb6 45. Kf3 Kc6 46. f5 Bxe5 47. Bb5+ 1-0